Guide to the ACA project partnering contracts PPC2000 and SPC2000 (Record no. 102995)
[ view plain ]
| 000 -LEADER | |
|---|---|
| fixed length control field | 01346cam a2200289 4500 |
| 001 - CONTROL NUMBER | |
| control field | L123056 |
| 008 - FIXED-LENGTH DATA ELEMENTS--GENERAL INFORMATION | |
| fixed length control field | 030704m2003 000 0 eng u |
| 020 ## - INTERNATIONAL STANDARD BOOK NUMBER | |
| International Standard Book Number | 1901171213 |
| 035 ## - SYSTEM CONTROL NUMBER | |
| System control number | (Sirsi) u123056 |
| 041 ## - LANGUAGE CODE | |
| Language code of text/sound track or separate title | eng |
| 050 ## - LIBRARY OF CONGRESS CALL NUMBER | |
| Classification number | 692.8 |
| -- | 18 |
| 100 ## - MAIN ENTRY--PERSONAL NAME | |
| Personal name | Mosey, David |
| 245 ## - TITLE STATEMENT | |
| Title | Guide to the ACA project partnering contracts PPC2000 and SPC2000 |
| 260 ## - PUBLICATION, DISTRIBUTION, ETC. | |
| Place of publication, distribution, etc. | Bromley |
| Name of publisher, distributor, etc. | ACA |
| Date of publication, distribution, etc. | 2003 |
| 300 ## - PHYSICAL DESCRIPTION | |
| Extent | 99p. |
| Dimensions | 30cm. |
| 350 ## - PRICE (NR) (BK AM CF MU VM SE) [OBSOLETE] | |
| Price | 20 |
| 520 ## - SUMMARY, ETC. | |
| Summary, etc. | This comprehensive guide to PPC 2000 and SPC 2000 sets out the process of formulating an agreement and addresses the key issues that arise when using a partnering contract. Includes chapters on the background to PPC 2000 and SPC 2000; key features of PPC 2000; PPC 2000 processes; partnering documents; clause-by-clause PPC 2000 partnering terms; the structure and specialist terms of SPC 2000; Scottish supplement PPC(S)2000; partnering advisers; and ten common pitfalls of using PPC 2000. Appendices include various checklists, timescales and flowcharts. |
| 650 ## - SUBJECT ADDED ENTRY--TOPICAL TERM | |
| Topical term or geographic name entry element | PPC 2000 |
| 650 ## - SUBJECT ADDED ENTRY--TOPICAL TERM | |
| Topical term or geographic name entry element | BUILT ENVIRONMENT-BUILDING CONTRACT FORMS |
| 650 ## - SUBJECT ADDED ENTRY--TOPICAL TERM | |
| Topical term or geographic name entry element | SPECIALIST CONTRACTS |
| 650 ## - SUBJECT ADDED ENTRY--TOPICAL TERM | |
| Topical term or geographic name entry element | SPC 2000 |
| 650 ## - SUBJECT ADDED ENTRY--TOPICAL TERM | |
| Topical term or geographic name entry element | PPC(S)2000 |
| 650 ## - SUBJECT ADDED ENTRY--TOPICAL TERM | |
| Topical term or geographic name entry element | PARTNERING AGREEMENTS |
| 690 ## - LOCAL SUBJECT ADDED ENTRY--TOPICAL TERM (OCLC, RLIN) | |
| Topical term or geographic name as entry element | BUILT ENVIRONMENT-BUILDING CONTRACT FORMS |
| 710 ## - ADDED ENTRY--CORPORATE NAME | |
| Corporate name or jurisdiction name as entry element | Association of Consultant Architects |
| 9 (RLIN) | 1156 |
| 942 ## - ADDED ENTRY ELEMENTS (KOHA) | |
| Suppress in OPAC | 0 |
| Withdrawn status | Lost status | Source of classification or shelving scheme | Damaged status | Not for loan | Home library | Current library | Shelving location | Date acquired | Cost, normal purchase price | Total Checkouts | Full call number | Barcode | Date last seen | Copy number | Cost, replacement price | Price effective from | Koha item type |
|---|---|---|---|---|---|---|---|---|---|---|---|---|---|---|---|---|---|
| Dewey Decimal Classification | London | London | Folio | 26/10/2010 | 25.00 | F692.8 MOS | 30075496 | 06/08/2019 | 2 | 25.00 | 06/08/2019 | Book |